Aktuárske výpočty v dôchodkovom poistení

Sprehľadnenie problematiky dôchodkovej reformy v Slovenskej republiky s dôrazom na jednotlivé piliere dôchodkového zabezpečenia z teoretického ako aj z praktického hľadiska. Prehľad základných teórií starobných dôchodkových systémov. Definície a členenie týchto systémov. Analýza kapitalizačného syst...

Descrizione completa

Salvato in:
Dettagli Bibliografici
Autore principale: Škrovánková, Lea, 1954-
Altri autori: Peller, František
Natura: Capitolo di libro
Lingua:slovacco
Soggetti:
Tags: Aggiungi Tag
Nessun Tag, puoi essere il primo ad aggiungerne!!

MARC

LEADER 00000naa$a2200000$$$4500
001 0097713
005 20240502072059.2
041 0 |a slo 
044 |a SK 
245 1 0 |a Aktuárske výpočty v dôchodkovom poistení  |c Lea Škrovánková, František Peller 
520 |a Sprehľadnenie problematiky dôchodkovej reformy v Slovenskej republiky s dôrazom na jednotlivé piliere dôchodkového zabezpečenia z teoretického ako aj z praktického hľadiska. Prehľad základných teórií starobných dôchodkových systémov. Definície a členenie týchto systémov. Analýza kapitalizačného systému financovania dôchodkového systému prostredníctvom konkrétneho príkladu metód fondovania (kapitalizácie). 
610 2 0 |a matematika finančná 
610 2 0 |a poistenie dôchodkové 
610 2 0 |a metódy aktuárske 
610 2 0 |a systémy dôchodkové 
610 2 0 |a zabezpečenie sociálne 
610 2 0 |a zabezpečenie dôchodkové 
100 1 |a Škrovánková, Lea, 1954- 
700 1 |a Peller, František